| 000 | 01047nmm a2200313 a 4500 | ||
|---|---|---|---|
| 001 | ocm0002015570 | ||
| 003 | TR-IsHL | ||
| 005 | 20201028175955.0 | ||
| 008 | 181111s2017 tu tur | ||
| 007 | cr cn | ||
| 020 | _a9789944330435 | ||
| 035 |
_a2015570 _b(N$T) |
||
| 050 | 0 | 4 |
_aPK6561.S24 _bE9319 2017 |
| 090 | 0 | 4 |
_aPK6561.S24 _bE9319 2017 |
| 100 | 1 | _aSaedi, Gulam Hüseyin | |
| 245 | 1 | 0 |
_aBeyel'in yas tutanları _h[electronic resource] / _cGulam Hüseyin Saedi ; Farsçadan Çeviren Haşim Hüsrevşahi |
| 250 | _a1. Basım | ||
| 260 |
_aİstanbul : _bTotem Yayınları, _c2017 |
||
| 300 | _a168 p. | ||
| 500 | _aKitabın Özgün Adı: Azadaran-e Beyel | ||
| 650 | 4 | _aDil ve Edebiyat | |
| 650 | 4 | _aLanguage and Literature | |
| 650 | 0 | _aİran romanı | |
| 650 | 0 | _aIranian novel | |
| 650 | 7 |
_aLITERARY COLLECTIONS / Middle Eastern _2bisacsh |
|
| 700 | 1 | _aHüsrevşahi, Haşim | |
| 700 | 1 | _aBulut, Özgür Evren | |
| 856 | 4 | 0 | _uhttp://search.ebscohost.com/login.aspx?direct=true&scope=site&db=e011xww&AN=2015570 |
| 999 |
_c18924 _d18924 |
||